[Event "SG Bochum 2 - SF Neuenkirchen 1"]
[Site "NRW-Klasse, Gruppe 1 2010/201"]
[Date "2011.01.30"]
[Round "6.2"]
[White "Schlawin, Marlon"]
[Black "Seegers, Hendrik"]
[Result "1/2-1/2"]
[WhiteElo "2186"]
[BlackElo "2157"]
[PlyCount "71"]
[EventDate "2011.??.??"]

1. e4 d5 2. exd5 Nf6 3. d4 Nxd5 4. Nf3 g6 5. c4 Nb6 6. Nc3 Bg7 7. c5 Nd5 8. Bc4
c6 9. O-O O-O 10. Re1 Nxc3 11. bxc3 Nd7 12. Bg5 Nf6 13. Rb1 Qc7 14. Qb3 e6 15.
Bf1 Nd5 16. c4 Ne7 17. Qe3 Re8 18. Qd2 b6 19. Bf4 Qd8 20. cxb6 axb6 21. Be5 c5
22. Bxg7 Kxg7 23. Qb2 Kg8 24. Red1 Qc7 25. Qxb6 Qxb6 26. Rxb6 Rxa2 27. dxc5 Ra5
28. Rb5 Ra7 29. g3 Rc7 30. Ne5 f6 31. Ng4 Kg7 32. Ne3 Bd7 33. Rb6 Bc8 34. Rb5
Bd7 35. Rb6 Bc8 36. Rb5 1/2-1/2

[Event "SG Bochum 2 - SF Neuenkirchen 1"]
[Site "NRW-Klasse, Gruppe 1 2010/201"]
[Date "2011.01.30"]
[Round "6.3"]
[White "Haves, Reinhard"]
[Black "Kitte, Sebastian"]
[Result "1/2-1/2"]
[WhiteElo "2161"]
[BlackElo "2252"]
[PlyCount "41"]
[EventDate "2011.??.??"]

1. Nf3 d5 2. d4 Nf6 3. g3 c6 4. Bg2 Bf5 5. c4 e6 6. O-O h6 7. Nc3 Be7 8. Re1
O-O 9. Ne5 Nbd7 10. Bf4 Bh7 11. Rc1 Nxe5 12. dxe5 Ne4 13. Nxe4 dxe4 14. Qxd8
Rfxd8 15. Be3 c5 16. Red1 b6 17. Kf1 Bg5 18. Bxg5 hxg5 19. Ke1 f5 20. Rxd8+
Rxd8 21. Rd1 1/2-1/2

[Event "SG Bochum 2 - SF Neuenkirchen 1"]
[Site "NRW-Klasse, Gruppe 1 2010/201"]
[Date "2011.01.30"]
[Round "6.4"]
[White "Tkachuk, Konstantyn"]
[Black "Beckmann, Klaus"]
[Result "1-0"]
[WhiteElo "2179"]
[BlackElo "2172"]
[PlyCount "51"]
[EventDate "2011.??.??"]

1. e4 e6 2. d4 d5 3. exd5 exd5 4. Nf3 Nf6 5. Bd3 Be7 6. O-O O-O 7. h3 c6 8.
Nbd2 Nbd7 9. Re1 Bd6 10. Nf1 Re8 11. Rxe8+ Qxe8 12. Ne3 g6 13. c4 Bf8 14. b3
Bd6 15. Bb2 Nf8 16. Ne5 Qe7 17. f4 Ba3 18. Bxa3 Qxa3 19. Qd2 Qd6 20. c5 Qc7 21.
f5 Qe7 22. Rf1 g5 23. N3g4 Nxg4 24. f6 Nxf6 25. Qxg5+ Ng6 26. Rxf6 1-0

[Event "SG Bochum 2 - SF Neuenkirchen 1"]
[Site "NRW-Klasse, Gruppe 1 2010/201"]
[Date "2011.01.30"]
[Round "6.5"]
[White "Rieke, Theo"]
[Black "Werthebach, Felix"]
[Result "1-0"]
[WhiteElo "2060"]
[BlackElo "2136"]
[Annotator "Hausrath,Daniel"]
[PlyCount "73"]
[EventDate "2011.??.??"]

1. Nf3 f5 2. c4 Nf6 3. g3 g6 4. Bg2 Bg7 5. O-O d6 6. d4 O-O 7. Nc3 Qe8 8. b3 c6
9. Ba3 a5 10. Qc2 Na6 11. Rad1 b5 12. cxb5 cxb5 13. Ng5 Ra7 14. Nd5 b4 15. Bb2
Bd7 16. Nxf6+ Bxf6 17. Qd2 h6 18. Nf3 Kh7 19. Rc1 e6 20. Rc2 Qe7 21. Rfc1 Rd8
22. Qd3 Bg7 23. e4 e5 24. Nh4 f4 25. Rd2 Raa8 26. dxe5 dxe5 27. Qd6 Qxd6 28.
Rxd6 Be8 29. Rcd1 Rxd6 30. Rxd6 fxg3 $11 31. hxg3 a4 32. Nf3 Nc5 33. Bxe5 axb3
34. axb3 Nxb3 35. Rb6 Nd2 36. Rb7 Nxf3+ 37. Bxf3 1-0

[Event "SG Bochum 2 - SF Neuenkirchen 1"]
[Site "NRW-Klasse, Gruppe 1 2010/201"]
[Date "2011.01.30"]
[Round "6.6"]
[White "Mazarov, Juergen"]
[Black "Essing, Arnold"]
[Result "0-1"]
[WhiteElo "2139"]
[BlackElo "2180"]
[PlyCount "114"]
[EventDate "2011.??.??"]

1. e4 Nf6 2. e5 Nd5 3. d4 d6 4. Nf3 g6 5. Bc4 Nb6 6. Bb3 Bg7 7. Ng5 d5 8. f4 f6
9. Nf3 O-O 10. O-O Be6 11. Qe1 Qd7 12. c3 Na6 13. Qg3 c5 14. Be3 Rac8 15. Nbd2
c4 16. Bc2 Bf5 17. Bxf5 Qxf5 18. Nh4 Qc2 19. f5 g5 20. Nhf3 Qxf5 21. Nxg5 Qg6
22. Ne6 Qxg3 23. hxg3 Rfe8 24. Nxg7 Kxg7 25. exf6+ exf6 26. Rae1 Na4 27. Nf3
Nxb2 28. Nh4 Nd3 29. Rb1 Rc7 30. Nf5+ Kg6 31. Nh4+ Kf7 32. Nf5 Re6 33. g4 b6
34. Rf3 Ke8 35. Rbf1 Kd7 36. g5 fxg5 37. Bxg5 Kc6 38. Ne3 Rd7 39. Rf6 Rxf6 40.
Rxf6+ Kb5 41. Kf1 Ka4 42. Rf5 Nc7 43. Bh4 Nc1 44. Bg3 Nxa2 45. Bxc7 Rxc7 46.
Nxd5 Rg7 47. Rf3 b5 48. g3 a5 49. Ke2 b4 50. cxb4 axb4 51. Kd2 Rg4 52. Nf4 c3+
53. Kd3 Kb3 54. Ne2 c2 55. Kd2+ Kb2 56. Rf1 b3 57. d5 Rg5 0-1

[Event "SG Bochum 2 - SF Neuenkirchen 1"]
[Site "NRW-Klasse, Gruppe 1 2010/201"]
[Date "2011.01.30"]
[Round "6.7"]
[White "Sommer, Uwe"]
[Black "Kelbling, Philipp"]
[Result "1/2-1/2"]
[WhiteElo "2034"]
[BlackElo "2121"]
[PlyCount "44"]
[EventDate "2011.??.??"]

1. e4 c5 2. Nf3 e6 3. c3 Nf6 4. e5 Nd5 5. d4 cxd4 6. cxd4 b6 7. Nc3 Nxc3 8.
bxc3 Qc7 9. Qc2 Bb7 10. Be2 d6 11. Ba3 Nd7 12. exd6 Bxd6 13. Bxd6 Qxd6 14. O-O
O-O 15. Ng5 Nf6 16. Bf3 Bxf3 17. Nxf3 Rac8 18. Rfc1 Rc7 19. Qb3 Rfc8 20. Rc2
Qd5 21. Rac1 b5 22. Nd2 h6 1/2-1/2

[Event "SG Bochum 2 - SF Neuenkirchen 1"]
[Site "NRW-Klasse, Gruppe 1 2010/201"]
[Date "2011.01.30"]
[Round "6.8"]
[White "Tkachuk, Sergij"]
[Black "Stoeckmann, Helmut"]
[Result "1-0"]
[WhiteElo "2200"]
[BlackElo "2065"]
[PlyCount "85"]
[EventDate "2011.??.??"]

1. e4 c5 2. Nf3 e6 3. d4 cxd4 4. Nxd4 a6 5. c4 Nf6 6. Nc3 d6 7. Be3 Be7 8. Be2
O-O 9. g4 Nc6 10. g5 Ne8 11. h4 Bd7 12. Qd2 Rc8 13. Nxc6 Bxc6 14. h5 Nc7 15. g6
fxg6 16. hxg6 hxg6 17. O-O-O b5 18. a3 Qe8 19. Bd4 e5 20. Be3 Ne6 21. Bg4 Bd7
22. cxb5 axb5 23. Kb1 Rb8 24. Nd5 Bd8 25. Nb4 Be7 26. Rhg1 Qf7 27. Rg3 Rfd8 28.
Nd5 Bc6 29. Rdg1 Nf8 30. Rc1 Bxd5 31. exd5 Bf6 32. Qb4 Qxd5 33. Bd1 Qe6 34. Rc6
Qd7 35. Ra6 Rbc8 36. Bg4 Qb7 37. Bxc8 Rxc8 38. Rxd6 Be7 39. Qb3+ Rc4 40. Rb6
Qe4+ 41. Ka2 b4 42. f3 Qd5 43. Rg4 1-0

[Event "Godesberger SK 2 - Brackweder SK 1"]
[Site "NRW-Klasse, Gruppe 1 2010/201"]
[Date "2011.01.30"]
[Round "6.1"]
[White "Olyschlaeger, Richard"]
[Black "Gerusel, Mathias"]
[Result "1/2-1/2"]
[WhiteElo "1921"]
[BlackElo "2170"]
[PlyCount "30"]
[EventDate "2011.??.??"]

1. d4 d5 2. Bf4 Nf6 3. e3 e6 4. Nd2 c5 5. c3 Nc6 6. Ngf3 Bd6 7. Bg3 Bxg3 8.
hxg3 Qd6 9. Qa4 Bd7 10. Qa3 b6 11. Ba6 Rd8 12. Bb5 O-O 13. O-O Nb8 14. Be2 Nc6
15. Bb5 Nb8 1/2-1/2

[Event "Godesberger SK 2 - Brackweder SK 1"]
[Site "NRW-Klasse, Gruppe 1 2010/201"]
[Date "2011.01.30"]
[Round "6.2"]
[White "Rohde, Ulrich"]
[Black "Ehrlich, Tim"]
[Result "1/2-1/2"]
[WhiteElo "2164"]
[BlackElo "1976"]
[PlyCount "83"]
[EventDate "2011.??.??"]

1. Nf3 d5 2. d4 e6 3. c4 c6 4. g3 Nf6 5. Bg2 Be7 6. O-O O-O 7. Qc2 b6 8. b3 Bb7
9. Nc3 Nbd7 10. Rd1 Qc7 11. Bf4 Bd6 12. Bxd6 Qxd6 13. e4 dxe4 14. Ng5 Qe7 15.
Ngxe4 Rac8 16. Qe2 Rfd8 17. Qb2 Nxe4 18. Bxe4 Nf6 19. Bg2 e5 20. dxe5 Qxe5 21.
Qc2 Re8 22. Qd2 Ba8 23. Re1 Qc7 24. Rxe8+ Rxe8 25. Rd1 Qe5 26. h3 h6 27. Qd3 c5
28. Bxa8 Rxa8 29. Qf3 Re8 30. Kg2 g6 31. Rd3 Kg7 32. Re3 Qb8 33. Rd3 Re6 34.
Nd5 Nxd5 35. Rxd5 Qe8 36. Qc3+ Kh7 37. Qd3 Re2 38. a4 Kg7 39. Rd7 a5 40. Qc3+
Kh7 41. Qd3 Kg7 42. Qc3+ 1/2-1/2

[Event "Godesberger SK 2 - Brackweder SK 1"]
[Site "NRW-Klasse, Gruppe 1 2010/201"]
[Date "2011.01.30"]
[Round "6.3"]
[White "Ruecker, Bastian"]
[Black "Stenzel, Thomas"]
[Result "0-1"]
[WhiteElo "1747"]
[BlackElo "2133"]
[PlyCount "36"]
[EventDate "2011.??.??"]

1. d4 d5 2. c4 Nc6 3. Nf3 Bg4 4. e3 e5 5. dxe5 d4 6. Qa4 Bxf3 7. gxf3 Bb4+ 8.
Bd2 Bxd2+ 9. Nxd2 dxe3 10. fxe3 Qh4+ 11. Ke2 Nge7 12. f4 O-O 13. Ne4 Rad8 14.
Bg2 Nf5 15. Ng3 Qg4+ 16. Ke1 Nxg3 17. hxg3 Qxg3+ 18. Kf1 Rd2 0-1

[Event "Godesberger SK 2 - Brackweder SK 1"]
[Site "NRW-Klasse, Gruppe 1 2010/201"]
[Date "2011.01.30"]
[Round "6.4"]
[White "Horstmann, Olaf"]
[Black "Spisla, Dominik"]
[Result "1/2-1/2"]
[WhiteElo "2140"]
[BlackElo "1834"]
[PlyCount "77"]
[EventDate "2011.??.??"]

1. e4 c5 2. Nc3 d6 3. g3 Nc6 4. Bg2 g6 5. d3 Bg7 6. f4 e6 7. Nf3 Nge7 8. O-O
O-O 9. Be3 Rb8 10. d4 b6 11. Bf2 cxd4 12. Nxd4 Nxd4 13. Bxd4 Ba6 14. Bxg7 Kxg7
15. Rf2 Qc7 16. Qd4+ Kg8 17. Rd1 Rbd8 18. Rfd2 Nc6 19. Qf6 Na5 20. f5 Qc5+ 21.
Kh1 Bc8 22. e5 Nc4 23. Ne4 Qxe5 24. Qxe5 Nxe5 25. fxg6 hxg6 26. Nxd6 Ba6 27.
Rd4 Rd7 28. Ne4 Rxd4 29. Rxd4 Rc8 30. c3 Kf8 31. Kg1 Rc4 32. Rd1 Ra4 33. a3 Ke7
34. Ra1 Bd3 35. Nd2 Nc4 36. Nxc4 Rxc4 37. Rd1 Bc2 38. Rd2 Ba4 39. Kf2 1/2-1/2

[Event "Godesberger SK 2 - Brackweder SK 1"]
[Site "NRW-Klasse, Gruppe 1 2010/201"]
[Date "2011.01.30"]
[Round "6.5"]
[White "Willenberg, Max"]
[Black "Roski, Ferdinand"]
[Result "0-1"]
[WhiteElo "1952"]
[BlackElo "2166"]
[PlyCount "64"]
[EventDate "2011.??.??"]

1. e4 c5 2. Nf3 d6 3. d4 cxd4 4. Nxd4 Nf6 5. Nc3 a6 6. Be3 e5 7. Nb3 Be6 8. Qd2
Be7 9. f3 O-O 10. O-O-O Nbd7 11. Qf2 Rc8 12. Kb1 b5 13. g4 Rxc3 14. bxc3 Qc7
15. g5 Nh5 16. Qd2 Rc8 17. Rg1 Nb6 18. Bxb6 Qxb6 19. Rg3 Nxg3 20. hxg3 Qc7 21.
Kb2 a5 22. f4 a4 23. Nc1 d5 24. exd5 Bxd5 25. Bxb5 Bf3 26. Be2 Rb8+ 27. Ka1 Ba3
28. Nd3 Bxe2 29. Rb1 Rxb1+ 30. Kxb1 Qb6+ 31. Ka1 Bxd3 32. cxd3 Qg1+ 0-1

[Event "Godesberger SK 2 - Brackweder SK 1"]
[Site "NRW-Klasse, Gruppe 1 2010/201"]
[Date "2011.01.30"]
[Round "6.6"]
[White "Kohn, Sandro"]
[Black "Husemann, Dirk"]
[Result "1/2-1/2"]
[WhiteElo "2120"]
[BlackElo "1979"]
[PlyCount "41"]
[EventDate "2011.??.??"]

1. d4 d5 2. Nf3 Nf6 3. c4 e6 4. Nc3 c6 5. Qb3 Qb6 6. g3 Be7 7. Bg2 O-O 8. O-O
Nbd7 9. Bf4 dxc4 10. Qxc4 Nd5 11. Bd2 Qxb2 12. Rab1 Qc2 13. Rbc1 N5b6 14. Qxe6
Qxc1 15. Qxe7 Qc2 16. e4 Nf6 17. Rc1 Qb2 18. Rb1 Qc2 19. Rc1 Qb2 20. Rb1 Qc2
21. Rc1 1/2-1/2

[Event "Godesberger SK 2 - Brackweder SK 1"]
[Site "NRW-Klasse, Gruppe 1 2010/201"]
[Date "2011.01.30"]
[Round "6.7"]
[White "Stephan, Gunther"]
[Black "Hemmann, Arnold"]
[Result "1/2-1/2"]
[WhiteElo "1952"]
[BlackElo "2066"]
[PlyCount "88"]
[EventDate "2011.??.??"]

1. d4 Nf6 2. Nf3 e6 3. Nbd2 d5 4. e3 c5 5. c3 Nbd7 6. Bd3 Bd6 7. O-O O-O 8. e4
cxd4 9. cxd4 dxe4 10. Nxe4 Nxe4 11. Bxe4 h6 12. Qe2 Nf6 13. Rd1 Rb8 14. Ne5 Bd7
15. Bf4 Qe7 16. Rac1 Nd5 17. Bxd5 exd5 18. Qf3 Be6 19. Qg3 Rfd8 20. Bxh6 f6 21.
Ng6 Bxg3 22. Nxe7+ Kf7 23. hxg3 Kxe7 24. Bxg7 Kf7 25. Bh6 Rbc8 26. Rc3 Rxc3 27.
bxc3 Rc8 28. Bd2 Rc4 29. Rb1 b6 30. a3 Ra4 31. Ra1 Bf5 32. f3 Ra5 33. g4 Bd7
34. Kf2 Rb5 35. Ke3 Rb2 36. a4 a5 37. g3 Kg6 38. Ke2 b5 39. axb5 Bxb5+ 40. Ke3
a4 41. f4 Bd7 42. Kd3 Bb5+ 43. Ke3 Bd7 44. Kd3 Bb5+ 1/2-1/2

[Event "Godesberger SK 2 - Brackweder SK 1"]
[Site "NRW-Klasse, Gruppe 1 2010/201"]
[Date "2011.01.30"]
[Round "6.8"]
[White "Lotzien, Hans"]
[Black "Orth, Johannes"]
[Result "1/2-1/2"]
[WhiteElo "2075"]
[BlackElo "1929"]
[Annotator "Hausrath,Daniel"]
[PlyCount "92"]
[EventDate "2011.??.??"]

1. e4 e6 2. Qe2 Nf6 3. f4 d5 4. e5 Nfd7 5. Nf3 c5 6. g3 Nc6 7. Bg2 Be7 8. O-O
O-O 9. c3 f6 10. Bh3 fxe5 11. fxe5 Nb6 12. d4 cxd4 13. cxd4 Nc4 14. Nc3 Qb6 15.
Be3 Qxb2 16. Qxb2 Nxb2 17. Kg2 Nc4 18. Bg1 Nb4 19. Ne1 $11 Rxf1 20. Kxf1 Bd7
21. a3 Rf8+ 22. Ke2 Nc6 23. Nxd5 Bxa3 24. Nf4 Nd8 25. Nc2 Bb2 26. Rxa7 g5 27.
Nh5 Bc6 28. Nf6+ Kg7 29. Ra2 Bc1 30. Kd1 Bb2 31. Ke2 Bc1 32. Nb4 Bb5 33. Nd3
Ba3 34. Ne4 Kg6 35. Nc3 Bc6 36. Ne1 Bb4 37. Kd3 Bxc3 38. Kxc3 Bd5 39. Rf2 Rxf2
40. Bxf2 Nc6 41. Bf1 Nb6 42. Bb5 Kf5 43. Bd3+ Be4 44. g4+ Kf4 45. Bg3+ Ke3 46.
Nc2+ Kf3 1/2-1/2

[Event "SK Turm Emsdetten 2 - SV Würselen 1"]
[Site "NRW-Klasse, Gruppe 1 2010/201"]
[Date "2011.01.30"]
[Round "6.1"]
[White "Budde, Vladimir"]
[Black "Kabatianski, Alexander"]
[Result "1-0"]
[WhiteElo "2267"]
[BlackElo "2397"]
[PlyCount "137"]
[EventDate "2011.??.??"]

1. Nf3 Nf6 2. c4 e6 3. Nc3 d5 4. d4 c6 5. cxd5 exd5 6. Bg5 Be7 7. Qc2 g6 8.
Bxf6 Bxf6 9. e4 dxe4 10. Qxe4+ Kf8 11. Bc4 Kg7 12. O-O Bf5 13. Qf4 Nd7 14. Rfe1
Qb8 15. Qd2 Qd6 16. h3 h5 17. Rad1 Rae8 18. Bb3 Rxe1+ 19. Qxe1 Qf4 20. Ne2 Qe4
21. Ng3 Qf4 22. Qd2 Qxd2 23. Nxf5+ gxf5 24. Rxd2 Re8 25. Kf1 Nf8 26. d5 Ng6 27.
dxc6 bxc6 28. Nd4 Ne7 29. Ne2 h4 30. Rd7 Bxb2 31. Rxa7 Kf6 32. Rd7 Rb8 33. Rd6+
Kg7 34. Rd7 Kf6 35. Nf4 Ba3 36. g3 hxg3 37. fxg3 Ke5 38. Ke2 Rf8 39. Kf3 Kf6
40. h4 Ra8 41. h5 Kg7 42. Bc2 Ra5 43. Bb3 Ra8 44. Ke2 Kf6 45. Kd1 Rg8 46. Rd3
Ra8 47. Kc2 Kg7 48. Ng2 Kf6 49. Bc4 Bc5 50. Nf4 Kg7 51. Rd7 Kf6 52. Nd3 Ba3 53.
Kb3 Ra5 54. h6 Kg6 55. Nb4 Nc8 56. Nxc6 Ra8 57. Rxf7 Kxh6 58. Rxf5 Bd6 59. g4
Ra3+ 60. Kc2 Rg3 61. Rh5+ Kg7 62. Be6 Nb6 63. Nd4 Kf6 64. Rf5+ Ke7 65. Rf7+ Ke8
66. Rb7 Bc5 67. Bf7+ Kd8 68. Ne6+ Kc8 69. Nxc5 1-0

[Event "SK Turm Emsdetten 2 - SV Würselen 1"]
[Site "NRW-Klasse, Gruppe 1 2010/201"]
[Date "2011.01.30"]
[Round "6.2"]
[White "Breder, Dennis"]
[Black "Cekro, Ekrem"]
[Result "1-0"]
[WhiteElo "2427"]
[BlackElo "2371"]
[Annotator "Hausrath,Daniel"]
[PlyCount "53"]
[EventDate "2011.??.??"]

1. e4 g6 2. d4 Bg7 3. Nf3 d6 4. Be2 Bg4 5. O-O Nc6 6. Be3 Nf6 7. Nc3 O-O 8. Nd2
Bxe2 9. Qxe2 e5 10. d5 Ne7 11. f4 exf4 12. Bxf4 c6 13. dxc6 Nxc6 14. Kh1 Nh5
15. Be3 Rc8 16. Nd5 Nd4 17. Qd3 Ne6 18. Bxa7 Bxb2 19. Bb6 Qd7 20. Rab1 Be5 21.
Nc4 f6 22. Be3 Qf7 23. Bh6 Rfe8 24. Rb4 g5 25. g3 Nc5 26. Qf3 Qg6 27. Nxe5 {Zü}
1-0

[Event "SK Turm Emsdetten 2 - SV Würselen 1"]
[Site "NRW-Klasse, Gruppe 1 2010/201"]
[Date "2011.01.30"]
[Round "6.3"]
[White "Goossens, Etienne"]
[Black "Richter, Christian"]
[Result "0-1"]
[WhiteElo "2214"]
[BlackElo "2329"]
[Annotator "Hausrath,Daniel"]
[PlyCount "144"]
[EventDate "2011.??.??"]

1. d4 Nf6 2. c4 g6 3. Nc3 Bg7 4. Nf3 O-O 5. g3 d6 6. Bg2 Nc6 7. O-O a6 8. Qd3
Bd7 9. d5 Nb4 10. Qd1 a5 11. Ne1 c6 12. a3 Na6 13. Nd3 cxd5 14. Nxd5 Nxd5 15.
Bxd5 Rb8 16. Be3 $11 a4 17. Qd2 Qc7 18. Rac1 b6 19. Nb4 Qc8 20. Nxa6 Qxa6 21.
Bd4 Qa5 22. Qe3 Bxd4 23. Qxd4 Qc5 24. Qh4 Rbe8 25. Rfd1 Kg7 26. Rc3 f6 27. Qf4
Rc8 28. h4 Rc7 29. h5 g5 30. Qf3 Rfc8 31. h6+ Kxh6 32. Re3 Kg6 33. Rxe7 Bf5 34.
Bf7+ Kg7 35. Rd5 Rxe7 36. Rxc5 Rxc5 37. Bd5 Bg6 38. e4 b5 39. cxb5 Rxb5 40. Qc3
Bxe4 41. Bxe4 Rxe4 42. Qc7+ Kg6 43. Qxd6 Re1+ 44. Kg2 Rb7 45. Qd3+ Kg7 46. Qa6
Ree7 47. Qxa4 Rxb2 48. Qd4 Rb5 49. g4 Ra5 50. Qd3 Rea7 51. Qe4 Rxa3 52. Qe6
R3a4 53. Kg3 Rb4 54. Qd6 Re4 55. Qd8 Rf7 56. Qd5 Rf4 57. Qd3 Rb7 58. Qe3 Rc4
59. Qe6 Rc1 60. Kg2 Ra1 61. Qe4 Rc7 62. Qe8 Raa7 63. Qe4 Re7 64. Qc2 Ra8 65.
Kg3 Rh8 66. Qc5 Rf7 67. f4 gxf4+ 68. Kh4 Re8 69. Qf5 Re3 70. Qxf4 Rfe7 71. Qd6
h5 72. Qd5 hxg4 0-1

[Event "SK Turm Emsdetten 2 - SV Würselen 1"]
[Site "NRW-Klasse, Gruppe 1 2010/201"]
[Date "2011.01.30"]
[Round "6.4"]
[White "Kuipers, Stefan"]
[Black "Bogoevski, Jani"]
[Result "1/2-1/2"]
[WhiteElo "2367"]
[BlackElo "2158"]
[Annotator "Hausrath,Daniel"]
[PlyCount "134"]
[EventDate "2011.??.??"]

1. e4 e6 2. d4 d5 3. Nc3 dxe4 4. Nxe4 Bd7 5. Nf3 Bc6 6. Bd3 Nd7 7. O-O Bxe4 8.
Bxe4 c6 9. b3 Ngf6 10. Bd3 Qa5 11. a3 Bd6 12. Bb2 O-O 13. Re1 Qh5 14. Qd2 Bc7
15. h3 Rad8 16. b4 Nd5 17. Re4 f5 18. Rh4 Qg6 19. c4 N5f6 20. Re1 Rde8 21. Ne5
Nxe5 22. dxe5 Nd7 23. c5 Rd8 24. Rc4 Rfe8 25. Qc2 Nf8 26. Be2 Qg5 27. Bc1 Qe7
28. Bh5 Ng6 29. f4 Rd7 30. Be2 Red8 31. Be3 Qh4 32. Bf2 Qh6 33. Qc1 Ne7 34. a4
a6 35. Bf3 Nd5 36. Rd4 Ne7 37. Rc4 Rd2 38. Be3 R2d3 39. Be2 R3d7 40. Bf3 Rd3
41. Be2 R3d7 42. Rd1 Rxd1+ 43. Bxd1 Bxe5 44. fxe5 Rxd1+ 45. Qxd1 Qxe3+ 46. Kh1
Nd5 47. Qd4 Qe1+ 48. Kh2 h6 49. b5 Kh7 50. bxc6 bxc6 51. Qb2 h5 52. Rc1 Qe4 53.
a5 $11 Ne3 54. Kh1 Kh6 55. Re1 f4 56. Kg1 Qd5 57. Qf2 Qxe5 58. g3 g5 59. h4 Qc3
60. gxf4 Ng4 61. Rxe6+ Kg7 62. Qe1 Qxc5+ 63. Kg2 Qd5+ 64. Qe4 Qd2+ 65. Qe2 Qd5+
66. Qe4 Qd2+ 67. Qe2 Qd5+ 1/2-1/2

[Event "SK Turm Emsdetten 2 - SV Würselen 1"]
[Site "NRW-Klasse, Gruppe 1 2010/201"]
[Date "2011.01.30"]
[Round "6.5"]
[White "Andok, Claus Michael"]
[Black "Bosman, Michiel"]
[Result "0-1"]
[WhiteElo "2082"]
[BlackElo "2325"]
[Annotator "Hausrath,Daniel"]
[PlyCount "110"]
[EventDate "2011.??.??"]

1. e4 e5 2. d3 Nc6 3. Nf3 g6 4. g3 Bg7 5. Bg2 Nge7 6. O-O d5 7. c3 a5 8. a4 h6
9. Na3 Be6 10. exd5 Bxd5 11. Qe2 O-O 12. Nc4 Re8 13. Ne3 Be6 14. Nd2 f5 15.
Nec4 Bf7 16. Nb3 Nd5 17. Qc2 f4 18. Nc5 b6 19. Ne4 Qd7 20. Bd2 Rad8 21. Rad1 g5
22. Bc1 Bh5 23. f3 Bf7 24. Rfe1 Qf5 25. Qf2 h5 26. Qf1 Re6 27. h3 Qg6 28. g4
Nde7 29. Re2 Qh6 30. Rc2 Ng6 31. Bd2 Re7 32. b3 Red7 33. Be1 Be6 34. Rcd2 Bd5
35. Qe2 $11 Rf7 36. Rb1 Rdf8 37. Rbd1 Bf6 38. Bf1 Rh7 39. Qg2 Be7 40. gxh5 Qxh5
41. Qg4 Nh4 42. Bxh4 Qxh4 43. d4 Qxg4+ 44. hxg4 exd4 45. cxd4 Bxe4 46. fxe4 Rh4
47. Kg2 Rxg4+ 48. Kh1 Kg7 49. Rh2 Nb4 50. Ne5 Rg3 51. Rc1 Bd8 52. Bc4 Re3 53.
Rg1 Rxe4 54. Bd3 Nxd3 55. Nxd3 Rxd4 0-1

[Event "SK Turm Emsdetten 2 - SV Würselen 1"]
[Site "NRW-Klasse, Gruppe 1 2010/201"]
[Date "2011.01.30"]
[Round "6.6"]
[White "Smit, Erik"]
[Black "Heinichen, Nils"]
[Result "1-0"]
[WhiteElo "2226"]
[BlackElo "2034"]
[PlyCount "69"]
[EventDate "2011.??.??"]

1. d4 Nf6 2. Nf3 g6 3. g3 Bg7 4. Bg2 O-O 5. O-O d6 6. c4 Nbd7 7. Nc3 c6 8. Qc2
Re8 9. Rd1 Qc7 10. b4 e5 11. dxe5 dxe5 12. b5 Nc5 13. Nd2 Bf5 14. e4 Bg4 15. f3
Bd7 16. bxc6 bxc6 17. Nb3 Ne6 18. Be3 Rad8 19. Qf2 Bc8 20. Bxa7 Nd7 21. Be3 Ba6
22. Bf1 f5 23. Na4 f4 24. Bd2 Rb8 25. Ba5 Qc8 26. Rac1 fxg3 27. hxg3 Nd4 28.
Bh3 Qb7 29. Bc3 Bxc4 30. Nxd4 exd4 31. Bxd4 Be6 32. Bxe6+ Rxe6 33. Bxg7 Kxg7
34. Qd4+ Nf6 35. Nc5 1-0

[Event "SK Turm Emsdetten 2 - SV Würselen 1"]
[Site "NRW-Klasse, Gruppe 1 2010/201"]
[Date "2011.01.30"]
[Round "6.7"]
[White "Vossen, Peter"]
[Black "Schudro, Vasili"]
[Result "1/2-1/2"]
[WhiteElo "1978"]
[BlackElo "2138"]
[PlyCount "154"]
[EventDate "2011.??.??"]

1. d4 d5 2. c4 e6 3. Nc3 Nf6 4. Bg5 c6 5. e3 Nbd7 6. Nf3 Qa5 7. Nd2 dxc4 8.
Bxf6 Nxf6 9. Nxc4 Qc7 10. Bd3 Be7 11. O-O O-O 12. Rc1 Rd8 13. Ne5 Bf8 14. Qf3
Qe7 15. Ne4 Nd7 16. Nc4 g6 17. Rfd1 Bg7 18. Bf1 Nb6 19. Ne5 Bd7 20. h4 Be8 21.
h5 f6 22. Nd3 gxh5 23. Nf4 Kh8 24. Nxh5 f5 25. Nc5 Bxh5 26. Qxh5 Rg8 27. Rd3
Raf8 28. g3 Nd5 29. Bg2 Nf6 30. Qe2 Ng4 31. Rb3 b6 32. Nd3 e5 33. dxe5 c5 34.
Bd5 Bxe5 35. Bxg8 Rxg8 36. Nxe5 Nxe5 37. Kg2 Qb7+ 38. f3 Qg7 39. Qf2 c4 40.
Rbc3 Nd3 41. Rxd3 cxd3 42. Rd1 Rd8 43. Qd2 Qd7 44. Qc3+ Kg8 45. Rd2 Kf7 46. Kf2
Qd6 47. Qc4+ Kg6 48. e4 f4 49. gxf4 h5 50. Ke3 h4 51. e5 Qc5+ 52. Qxc5 bxc5 53.
Rg2+ Kf7 54. Kd2 c4 55. Rh2 Rh8 56. b3 cxb3 57. axb3 Ke6 58. Kxd3 Kf5 59. Ke3
h3 60. Kf2 Kxf4 61. e6 Rh7 62. b4 Kf5 63. e7 Rxe7 64. Rxh3 Rb7 65. Rh4 Ke6 66.
Ke3 Rb5 67. Re4+ Kf6 68. Kf4 a5 69. bxa5 Rxa5 70. Rb4 Ra6 71. Kg4 Kf7 72. f4
Kf8 73. Kg5 Kf7 74. f5 Rc6 75. Rb7+ Kf8 76. Ra7 Rb6 77. f6 Rb1 1/2-1/2

[Event "SK Turm Emsdetten 2 - SV Würselen 1"]
[Site "NRW-Klasse, Gruppe 1 2010/201"]
[Date "2011.01.30"]
[Round "6.8"]
[White "Topp, Michael"]
[Black "Frost, Andreas"]
[Result "1-0"]
[WhiteElo "1994"]
[BlackElo "1934"]
[Annotator "Hausrath,Daniel"]
[PlyCount "133"]
[EventDate "2011.??.??"]

1. c4 Nf6 2. g3 g6 3. Bg2 Bg7 4. Nc3 O-O 5. Nf3 d6 6. O-O e5 7. d3 c6 8. c5 Ne8
9. cxd6 h6 10. d4 exd4 11. Nxd4 Kh7 12. Qd3 Qxd6 13. Rd1 Nd7 14. Bf4 Be5 15.
Nxc6 Bxf4 16. gxf4 Qxd3 17. Rxd3 bxc6 18. Bxc6 Nb6 19. Bxa8 Nxa8 20. Rd8 Bb7
21. Nb5 Kg7 22. Rad1 a6 23. Rb8 Be4 24. Nc3 Bc6 25. Rdd8 Nac7 $11 26. Rb6 Ba8
27. e4 f6 28. Nd5 Rf7 29. Nxc7 Nxc7 30. Rbb8 Re7 31. Rg8+ Kf7 32. Rbf8+ Ke6 33.
Rxa8 Nxa8 34. Rxa8 Kf7 35. Rxa6 Rxe4 36. f5 g5 37. Ra7+ Kg8 38. a4 Rb4 39. a5
Rxb2 40. a6 Ra2 41. Kg2 Kf8 42. Ra8+ Kg7 43. Kf3 Ra4 44. Ke3 h5 45. Kd3 Kf7 46.
Kc3 Kg7 47. Kb3 Ra1 48. Kc4 g4 49. Kb5 Ra2 50. Rd8 Rb2+ 51. Kc6 Rc2+ 52. Kb7
Rb2+ 53. Ka8 Rxf2 54. a7 Rxh2 55. Kb7 Rb2+ 56. Kc6 Ra2 57. a8=Q Rxa8 58. Rxa8
g3 59. Ra3 h4 60. Ra4 Kh6 61. Rg4 Kh5 62. Rg6 h3 63. Rxg3 h2 64. Rh3+ Kg4 65.
Rxh2 Kxf5 66. Kd5 Kg4 67. Rf2 1-0

[Event "SF Neuenkirchen 1 - SC Hansa Dortmund 2"]
[Site "NRW-Klasse, Gruppe 1 2010/201"]
[Date "2011.02.20"]
[Round "7.1"]
[White "Karger, Frank"]
[Black "Muschik, Benedikt"]
[Result "1/2-1/2"]
[WhiteElo "2245"]
[BlackElo "2235"]
[PlyCount "38"]
[EventDate "2011.??.??"]

1. d4 g6 2. e4 Bg7 3. Nf3 d6 4. c4 Bg4 5. Be2 Nc6 6. Be3 e5 7. dxe5 dxe5 8. Qa4
Bxf3 9. Bxf3 Nge7 10. Nc3 O-O 11. g3 Nd4 12. Bg2 a6 13. c5 Qe8 14. Qxe8 Rfxe8
15. Rc1 Rad8 16. O-O Nec6 17. Rfd1 Bf8 18. Bf1 Bxc5 19. Nd5 Be7 1/2-1/2

[Event "SF Neuenkirchen 1 - SC Hansa Dortmund 2"]
[Site "NRW-Klasse, Gruppe 1 2010/201"]
[Date "2011.02.20"]
[Round "7.2"]
[White "Seegers, Hendrik"]
[Black "Heinzel, Olaf"]
[Result "1/2-1/2"]
[WhiteElo "2157"]
[BlackElo "2286"]
[PlyCount "32"]
[EventDate "2011.??.??"]

1. d4 Nf6 2. Nf3 c5 3. c3 b6 4. Bf4 Bb7 5. e3 d6 6. Bd3 Nbd7 7. O-O Nh5 8. Re1
g6 9. Nbd2 Bg7 10. h3 cxd4 11. cxd4 O-O 12. Bh2 Rc8 13. Rc1 Rxc1 14. Qxc1 Qa8
15. Qb1 Rc8 16. Rc1 Nhf6 1/2-1/2